000 00793pam a2200241 a 4500
008
020 _a0748621857 (pbk. )
049 _aMAIN
090 _aH62 DAV
100 1 _aDavies, Maire Messenger.
245 1 0 _aPractical research methods for media and cultural studies :
_bmaking people count /
_cMaire Messenger Davies and Nick Mosdell.
260 _aEdinburgh :
_bEdinburgh University Press,
_cc2006.
300 _avi, 202 p. :
_bill. ;
_c23 cm.
500 _aIncludes index.
504 _aIncludes bibliographical references.
650 0 _aHumanities
_xResearch
_xMethodology.
700 1 _aMosdell, Nick.
907 _a.b10239224
_b09-01-14
_c19-04-07
003
005 20230123134424.0
040 _cNUST
942 _cBOOKS
_kH62 DAV
999 _c165646
_d165646